Automatizácia a riadenie v teórii a praxi : 12. ročník konferencie odborníkov z univerzít, vysokých škôl a praxe, Stará Lesná, 7.9.2.2018
Salvato in:
| Ente Autore: | |
|---|---|
| Natura: | Atti del Convegno Libro |
| Pubblicazione: |
Košice :
Technická univerzita,
2018
|
| Edizione: | 1. vyd. |
| Tags: |
Nessun Tag, puoi essere il primo ad aggiungerne!!
|
MARC
| LEADER | 00000nam a22000003a 4500 | ||
|---|---|---|---|
| 001 | 0031207 | ||
| 003 | SK-STU | ||
| 005 | 20180215081936.7 | ||
| 007 | ta | ||
| 008 | 180215s ----xo-----e------100-0-----d | ||
| 020 | |a 978-80-553-2914-7 | ||
| 040 | |a STU |b slo | ||
| 044 | |a xo | ||
| 111 | 2 | |a Konferencia odborníkov z univerzít, vysokých škôl a praxe |n 12. |d 7.-9.2.2018 : |c Stará Lesná. |e Automatizácia a riadenie v teórii a praxi. ARTEP 2018 | |
| 245 | 1 | 0 | |a Automatizácia a riadenie v teórii a praxi : |h [elektronický zdroj] : |b 12. ročník konferencie odborníkov z univerzít, vysokých škôl a praxe, Stará Lesná, 7.9.2.2018 |
| 250 | |a 1. vyd. | ||
| 260 | |a Košice : |b Technická univerzita, |c 2018 | ||
| 300 | |a USB, 440 s. | ||
| 996 | |b 284M084596 |c M* CD-2717 |l MMKN |s A |a 24 |w 0031207_0001 | ||